| 000 | 00381nam a2200145Ia 4500 | ||
|---|---|---|---|
| 008 | 150201s1999 xx 000 0 und d | ||
| 082 |
_a537 _bKRA |
||
| 100 | _aKraus,J.D | ||
| 245 | _aElectromagnetics with applications | ||
| 250 | _a5th Ed. | ||
| 260 |
_bTata McGraw Hill Education Private Limited _aNew Delhi _c1999 |
||
| 300 | _a617p. | ||
| 700 | _aFlesch,D.A | ||
| 942 |
_2ddc _cBK |
||
| 999 |
_c5189 _d5189 |
||